Vainqueurs du championnat d'Europe (footballeurs) - Mort subite - Statistiques

Statistiques générales
  • Ce quiz a été pris 242 fois
  • Le résultat moyen est 9 sur 27
Answers on the Grid
Answers color-coded by a green-red scale on the quiz's grid according to % correct below.
Iker Casillas
Lothar Matthäus
Andrés Iniesta
Xavi
Cristiano Ronaldo
Sergio Ramos
Jürgen Klinsmann
Franz Beckenbauer
Uli Hoeneß
Sepp Maier
Lev Yashin
Lilian Thuram
Xabi Alonso
Thierry Henry
Marcel Desailly
Patrick Vieira
Alessandro Bastoni
Lamine Yamal
Gerard Piqué
Oliver Kahn
Pepe
Marco van Basten
Antonín Panenka
Ruud Gullit
Jorginho
Gianluigi Donnarumma
Zinédine Zidane
Dennis Bergkamp
Paul Pogba
Philipp Lahm
Bastian Schweinsteiger
Miroslav Klose
Jens Lehmann
Bukayo Saka
Paolo Maldini
Francesco Totti
Declan Rice
Manuel Neuer
Joshua Kimmich
Kylian Mbappe
Gianluigi Buffon
Luka Modric
Frank Lampard
Ronaldinho
Lionel Messi
Ousmane Dembélé
David Beckham
Johan Cruyff
 
Statistiques - réponses
Réponse % Correct
Xavi
52%
Cristiano Ronaldo
50%
Zinédine Zidane
50%
Andrés Iniesta
48%
Sergio Ramos
48%
Thierry Henry
48%
Iker Casillas
44%
Lilian Thuram
44%
Pepe
44%
Xabi Alonso
42%
Gerard Piqué
41%
Gianluigi Donnarumma
38%
Jorginho
38%
Lamine Yamal
38%
Marcel Desailly
38%
Patrick Vieira
38%
Marco van Basten
25%
Alessandro Bastoni
23%
Ruud Gullit
23%
Franz Beckenbauer
18%
Lev Yashin
18%
Antonín Panenka
16%
Lothar Matthäus
16%
Oliver Kahn
13%
Uli Hoeneß
12%
Jürgen Klinsmann
10%
Sepp Maier
8%
Aucun quiz correspondant
Distribution des résultats
% des personnes avec chaque résultat
Percentile par nombre de réponses
Votre historique - résultats
Vous n’avez pas pris ce quiz